| 000 | 00982nam a2200253 4500 | ||
|---|---|---|---|
| 001 | 178862 | ||
| 003 | ES-MaACL | ||
| 005 | 20250821063108.0 | ||
| 008 | 110720s20082009sp fiop c |||| |dspa d | ||
| 020 | _a978-84-7120-426-4 | ||
| 080 | _a017.1(460.27 M.) | ||
| 080 | _a016:095"16/17" | ||
| 100 | 1 |
_aMoreno Gallego, Valentín, _d1966- _9147408 |
|
| 245 | 1 | 0 |
_aSuper libros reales _b: guía para la identificación heráldica en la Real Biblioteca / _cValentín Moreno Gallego. |
| 260 |
_aMadrid : _bPatrimonio Nacional, _c2008 _c, [i.e. 2009] |
||
| 300 |
_a187 p., [1] h. de lám. col. : _bil. col. ; _c24 cm. |
||
| 500 | _aGlosario. | ||
| 650 | 7 |
_aEncuadernación heráldica- _zPalacio Real (Madrid). Biblioteca. _9147409 |
|
| 650 | 4 |
_aEncuadernación- _zPalacio Real (Madrid). Biblioteca. _9143831 |
|
| 852 |
_aES-MaACL _9185727 _bR.145777 _jA-11373 _dOlim: N-4377 _cDEPO1 |
||
| 942 |
_2udc _cMONOGRAFIA |
||
| 999 |
_c178862 _d178862 |
||